Datum a čas kvízu
28.5
Celkem bodů
Celkový počet nahraných bodů na tomto kvízu bez doplňovacích otázek.
7.
Pořadí na kvízu
Konečné umístění týmu na tomto kvízu.
Zaznamenané odpovědi
| # | Otázka | Odpověď | Body | Výsledky |
|---|---|---|---|---|
| 1. | V pondělí odpoledne se v Praze... | nádvoří Pražského hradu, srdce | 1 | |
| 2. | Jeden polský autobusový doprav... | Hel | 1 | |
| 3. | Minulý týden došlo k útěku dev... | Děčín, makak | 1 | |
| 4. | Ve středu oznámil český minist... | Zdeněk Nekula, Marek Výborný | 1 | |
| 5. | Který tým získal minulý týden... | Denver (Nuggets) | 1 | |
| 6. | V následujících otázkách se bu... | Pangea, Gondwanu | 1 | |
| 7. | Seřaďte následující minerály p... | 1D 2A 3B 4C | 0 | |
| 8. | Která vyvřelá hornina, běžně n... | čedič (bazalt) | 0 | |
| 9. | Součástí geologických věd je t... | na Tenerife, na Islandu | 0.5 | |
| 10. | Jak se nazývá nejmladší geolog... | holocén | 0 |